[Event "Hochsauerland-ch U14"]
[Site "Winterberg"]
[Date "2002.01.02"]
[Round "1"]
[White "Schulze, Soeren"]
[Black "Cramer, Marius"]
[Result "1/2-1/2"]
[WhiteElo "1264"]
[BlackElo "1143"]
[PlyCount "58"]
[EventDate "2002.01.02"]
[EventType "swiss"]
[EventRounds "5"]
[EventCountry "GER"]
[SourceTitle "EXT 2005"]
[Source "ChessBase"]
[SourceDate "2004.11.15"]
[SourceVersion "1"]
[SourceVersionDate "2004.11.15"]
[SourceQuality "1"]

1. e4 e5 2. Nf3 Nc6 3. Bc4 Nf6 4. Nc3 Bb4 5. d3 0-0 6. 0-0 Bxc3 7. bxc3 d6 8. Rb1 Ng4 9. h3 Nf6 10. Be3 Qe8 11. Re1 Be6 12. Bxe6 Qxe6 13. Rb2 Rae8 14. Rxb7 Ng4 15. Rb2 Qg6 16. Re2 Re6 17. Bd2 Qh5 18. Nh2 Rg6 19. Nxg4 Rxg4 20. hxg4 Qxg4 21. f3 Qg3 22. Be1 Qg5 23. Kf2 f5 24. Re3 f4 25. Ke2 fxe3 26. a3 Qh5 27. Kxe3 Qh2 28. Bf2 Qxg2 29. Rb1 Rf6 1/2-1/2